01006nam a2200253 a 450000100100000000500170001000800410002702000150006804000130008308200140009610000300011024501610014026000410030130000210034249000130036350000630037650000420043950400540048159000620053583000200059704900090061795201110062699900150073700000869220200929161404.0090918s1999 000 0 spa d a089729890X aDO-SdBNP axxxbV18m1 aVallejo, Catharina92314014aLas madres de la patria y las bellas mentiras :bimágenes de la mujer en el discurso literario nacional de la República Dominicana /cCatharina Vallejo. aMiami :bEdiciones Universal,c1999. a335 p. ;c24 cm.1 aPolymita aIncluye datos biográficos del autor en la contracubierta aIncluye notas al pie de las páginas aIncluye referencias bibliográficas (p. 308-318) aLa biblioteca posee un ejemplar ortografiado por el autor 0aPolymita923141 aBNPD 001050718MOaPDbPDcCTd2009-09-18iLF1l0oxxx V18mp8692-10r2020-06-25w2020-06-25y1ZNo se presta c8462d8462